Jubileumi falunap volt a zákányszéki Babérné kalácsai nélkül nincs ünnep /
Elmentve itt :
| Szerző: | |
|---|---|
| Dokumentumtípus: | Cikk |
| Megjelent: |
2004-09-27
|
| Sorozat: | Délmagyarország
94 No. 226 |
| Kulcsszavak: | Zákányszék, Falunap Zákányszék, Eseménynaptár Zákányszék 2004. 09. |
| Online Access: | http://dmarchiv.bibl.u-szeged.hu/133789 |
| LEADER | 00567nab a2200157 i 4500 | ||
|---|---|---|---|
| 001 | delm133789 | ||
| 005 | 20191125105122.0 | ||
| 008 | 191125s2004 hu o 0|| hun d | ||
| 040 | |a SZTE Délmagyarország Archívum |b hun | ||
| 041 | |a hun | ||
| 100 | 1 | |a Kormos Tamás | |
| 245 | 1 | 0 | |a Jubileumi falunap volt |h [elektronikus dokumentum] : |b a zákányszéki Babérné kalácsai nélkül nincs ünnep / |c Kormos Tamás |
| 260 | |c 2004-09-27 | ||
| 300 | |a 4 | ||
| 490 | 0 | |a Délmagyarország |v 94 No. 226 | |
| 695 | |a Zákányszék, Falunap Zákányszék, Eseménynaptár Zákányszék 2004. 09. | ||